Ochrana detí - legislatívne zmeny

Legislatívne zmeny v sociálno-právnej ochrane detí a sociálnej kuratele.

Uložené v:
Podrobná bibliografia
Hlavný autor: Tichý, Miroslav
Médium: Kapitola
Jazyk:Slovak
Predmet:
Tagy: Pridať tag
Žiadne tagy, Buďte prvý, kto otaguje tento záznam!

MARC

LEADER 00000naa a2200000 4500
001 0210036
005 20231120130643.1
041 0 |a slo 
044 |a SK 
245 1 0 |a Ochrana detí - legislatívne zmeny  |c Miroslav Tichý 
520 |a Legislatívne zmeny v sociálno-právnej ochrane detí a sociálnej kuratele. 
610 2 0 |a ochrana právna 
610 2 0 |a deti 
610 2 0 |a ochrana sociálna 
100 1 |a Tichý, Miroslav